000
00457nam a2200181Ia 4500
008
090123s9999 xx 000 0 und d
082
_b
19743
100
_a
बगे आशा
245
_a
मारवा
250
_a
1
260
_b
मौज प्रि.ब्यूरो
_c
1984
300
_a
185
600
_a
बगे आशा
630
_a
मारवा
700
_a
बगे आशा
730
_a
मारवा
942
_c
BOOK
999
_c
57812
_d
57812